000 00335pab a2200145 454500
008 180718b2005 xxu||||| |||| 00| 0 eng d
100 _aNandi, Jayanta Kishore
245 _aManagement education
260 _c2005
300 _ap.47-53.
362 _aSep
650 _aManagement education
773 _aHRM Review
909 _a67291
999 _c67291
_d67291